| 000 | 00000nam##2200000za#4500 |
| 001 | 9.665291 |
| 003 | CaOODSP |
| 005 | 20210615122137 |
| 007 | ta |
| 008 | 150407|2004||||xxc||||| f|0| 0 eng|d |
| 020 | |a0-662-67945-8 |
| 040 | |aCaOODSP|beng |
| 041 | |aeng |
| 041 | |afre |
| 043 | |an-cn--- |
| 086 | 1 |aT52-4/4-2004 |
| 110 | 1 |aCanada.|bTransport Canada. |bCivil Aviation. |
| 245 | 10|aAviation occupational health and safety on board air craft |
| 260 | |aOttawa - Ontario : |bTransport Canada. |c2004. |
| 300 | |a1 folded sheet ([3]p.) : |bphotographs ; |c22 cm. |
| 500 | |aIncorrect ISBN printed in this publication. |
| 563 | |aPamphlet |
| 590 | |a06-23|b2006-06-09 |
| 690 | 07|aAviation industry|2gcpds |
| 776 | 0#|tAviation - santé et sécurité au travail à bord des aéronefs |w(CaOODSP)9.674498 |
| 792 | |tAviation - santé et sécurité au travail à bord des aéronefs |efre|w(CaOODSP)9.665292 |
| 986 | |aTP 14215B (03/2004) |